01132nam a2200337 i 4500001000300000003000400003005001700007008003900024015001700063020001500080040001400095041000800109080001100117080001200128100003900140245005000179250001200229260005500241300004700296490004800343504003600391655003000427650002200457710004100479856009700520830004800617942001200665999001500677952005100692952005100743bgBPK20220609091013.0981103s1986 pl a f f |001 0 pol aPB 1986/4949 a8320407346 aWA NcBPK0 apol a621.31 a(075.8)1 aBernas, Stefand(1919-1983)eAutor10aSystemy elektroenergetyczne /cStefan Bernas. aWyd. 2. aWarszawa :bWydawnictwa Naukowo-Techniczne,c1986. a340, [3] s. :bfot., rys., wykr. ;c24 cm.1 aPodręczniki Akademickie. Elektrotechnika. aBibliogr. s. 335-336. - Indeks. 4aPodręczniki akademickie 4aElektroenergetyka2 aWydawnictwa Naukowo-Techniczne4pbl. uhttp://koha.tu.koszalin.pl/cgi-bin/koha/opac-detail.pl?biblionumber=2982yKatalog online BPK 0aPodręczniki Akademickie.pElektrotechnika 2UKDcKS c2982d2982 00104070aBPKbBPKcwoP 35890p01995091yKS 00104070aBPKbBPKcwoP 35891p01995107yKS